3131-和歌山市(和歌山県)の駅 - Statistics

General Stats
  • This quiz has been taken 18 times
  • The average score is 20 of 31
Answer Stats
Answer % Correct
和歌山
100%
和歌山市
100%
紀伊
100%
紀伊中ノ島
100%
紀ノ川
94%
六十谷
88%
和歌山大学前
88%
和歌山港
88%
加太
88%
紀和
81%
紀三井寺
75%
宮前
75%
田井ノ瀬
69%
田中口
63%
紀伊小倉
56%
布施屋
56%
千旦
56%
東松江
56%
中松江
56%
八幡前
50%
磯ノ浦
50%
交通センター前
50%
伊太祈曽
50%
西ノ庄
44%
二里ヶ浜
44%
竈山
44%
岡崎前
44%
吉礼
44%
日前宮
38%
神前
38%
山東
38%
No matching quizzes found
Score Distribution
Percent of People with Each Score
Percentile by Number Answered
Your Score History
You have not taken this quiz